Responses for Show #5472 - Tuesday, May 27, 2008

Larissa Kelly game 6.

Contestants

[<< previous game]

Dan Maggin, a construction manager from Rockville, Maryland

Jennifer Goldberg, a journalist from Tempe, Arizona

Larissa Kelly, a grad student from El Cerrito, California (whose 5-day cash winnings total $179,797)

[next game >>]

Jeopardy! Round responses

WORLD HISTORY
TIME FOR A SNACK
5-LETTER WORDS
GETTING THERE
ORSON
BUGGY
    $200 1
Marco Polo

Larissa
    $200 6
brown

Larissa
    $200 29
ditch

Jennifer
    $200 21
a convertible

Dan
    $200 16
Moby Dick

Jennifer
    $200 11
mosquitoes

Dan
    $400 2
Kosovo

Dan
    $400 7
Thin Mints

Jennifer
    $400 30
least

Larissa
    $400 28
a ferry

Dan
    $400 17
War of the Worlds

Dan
    $400 12
(Alex: [*], arachnids, yes.)

spiders

Larissa
    $600 3
serfs

Jennifer
    $600 8
apple (pandowdy)

Larissa
    $600 23
cheek

Dan
    $3,000 27
the underground (or subway)

Larissa
    $600 18
Magnum, P.I.

Triple Stumper
    $600 13
(Dan: What are...bees?)

aphids

Dan
Triple Stumper
    $800 4
the Maya

Larissa
    $800 9
a wafer

Jennifer
    $800 22
a cruet

Jennifer
    $800 24
Russia

Larissa
    $800 19
Treasure Island

Larissa
    $800 14
a grasshopper

Triple Stumper
    $1000 5
(Larissa: What is Haiti?)
...
(Alex: The island is called [*]; Haiti is just part of the island.)

Hispaniola

Larissa
Triple Stumper
    $1000 10
the Foot

Dan
    $1000 26
biddy

Larissa
    $1000 25
a corvette

Triple Stumper
    $1000 20
Touch of Evil

Jennifer
    $1000 15
the butterfly

Larissa

Scores at the first commercial break (after clue 15):

Larissa Jennifer Dan
$2,200 $1,800 $1,000

Scores at the end of the Jeopardy! Round:

Larissa Jennifer Dan
$8,200 $4,000 $2,600

Double Jeopardy! Round responses

POETS & POETRY
ODE TO JAY
DON'T TAZE ME, BRO
ALL THINGS BRITISH
GEOLOGY
"ARM"s
    $400 1
Chicago

Dan
    $400 21
Homer

Dan
    $400 24
quick picks

Larissa
    $400 6
the ostrich

Larissa
    $400 12
an earthquake

Dan
    $400 11
Armageddon

Larissa
    $800 2
W.H. Auden

Jennifer
    $800 22
Leno

Dan
    $800 27
piranhas

Jennifer
    $800 7
a somersault

Jennifer
    $800 13
sedimentary

Jennifer
    $800 15
an armoire

Jennifer
    $4,000 3
"Rime of the Ancient Mariner"

Jennifer
    $1200 23
(Alex: Tonto was played by [*].)

Jay Silverheels

Triple Stumper
    $1200 28
pine tar

Dan
    $1200 8
the Tower of London

Jennifer
    $1200 14
a crystal

Dan
    $1200 16
Armistice Day

Dan
    $1600 4
"Mending Wall"

Larissa
    $1600 25
Jay & Silent Bob

Larissa
    $1600 29
faux pas

Larissa
    $1600 9
Torvill & Dean

Triple Stumper
    $1600 17
a glacier

Dan
    $1600 19
Armada

Larissa
    $2000 5
Edna St. Vincent Millay

Jennifer
    $2000 26
Jay Mohr

Larissa
    $2000 30
E. coli

Dan
    $5,000 10
John (or Stephen)

Jennifer
    $2000 18
loam

Larissa
    $2000 20
armillary

Larissa

Scores at the end of the Double Jeopardy! Round:

Larissa Jennifer Dan
$21,800 $20,200 $11,800

[wagering suggestions for these scores]

Final Jeopardy! Round responses

FILMS OF THE 1950s
DanWhat is ?
$7,200
JenniferWhat is High Noon?
$20,199
LarissaWhat is High Noon?
$21,000
High Noon

Final scores:

Larissa Jennifer Dan
$42,800 $40,399 $4,600
6-day champion: $222,597 2nd place: $2,000 3rd place: $1,000

Game dynamics:

Coryat scores:

Larissa Jennifer Dan
$19,400 $14,400 $11,800
21 R
(including 1 DD),
1 W
16 R
(including 2 DDs),
0 W
16 R,
1 W

Combined Coryat: $45,600

[game clues] [game scores] [suggest correction]

Game tape date: 2008-02-20
The J! Archive is created by fans, for fans. Scraping, republication, monetization, and malicious use prohibited; this site may use cookies and collect identifying information. See terms. The Jeopardy! game show and all elements thereof, including but not limited to copyright and trademark thereto, are the property of Jeopardy Productions, Inc. and are protected under law. This website is not affiliated with, sponsored by, or operated by Jeopardy Productions, Inc. Join the discussion at JBoard.tv.